000 01806nam a2200481 i 4500
001 14752
003 KOSZ 005
005 20191123100807.0
008 191123s1972 pl a f 001 0 pol
015 _aPB 1972/9679
035 _a991034686059705066
035 _a(PL-WaBN)b19336007-48omnis_nlop
035 _ab19336007
035 _a(OCoLC)830838395
035 _a(PL)b0000001933600
035 _a(EXLNZ-48OMNIS_NETWORK)9910079124505606
040 _aWA N
_cWA N
_dKOSZ 005/RW
046 _k1972
080 _a621.37/.38
100 1 _aZagajewski, Tadeusz
_d(1912-2010)
_eAutor
245 1 0 _aElektronika przemysłowa /
_cTadeusz Zagajewski, Stanisław Malzacher, Aleksander Kwieciński.
250 _aWydanie 3 zmienione.
260 _aWarszawa :
_bWydawnictwa Naukowo-Techniczne,
_c1972.
300 _a526, [2] stron :
_bilustracje ;
_c25 cm.
336 _aTekst
_btxt
_2rdacontent
337 _aBez urządzenia pośredniczącego
_bn
_2rdamedia
338 _aWolumin
_bnc
_2rdacarrier
380 _aKsiążki
380 _aPublikacje fachowe
380 _aPublikacje dydaktyczne
388 _a1901-2000
504 _aBibliografia przy rozdziałach. Indeks.
521 8 _aKsiążka jest przeznaczona dla inżynierów różnych specjalności oraz dla studentów wyższych szkół technicznych.
650 7 _aElektronika przemysłowa
_2DBN
655 7 _aPodręcznik
658 _aInżynieria i technika
700 1 _aKwieciński, Aleksander
_d(1925-1982)
_eAutor
700 1 _aMalzacher, Stanisław
_d(1924-1996)
_eAutor
710 2 _aWydawnictwa Naukowo-Techniczne
_4pbl
856 _uhttp://koha.tu.koszalin.pl/cgi-bin/koha/opac-detail.pl?biblionumber=14752
_yKatalog online BPK
942 _2UKD
_cKS
999 _c14752
_d14752